Albanian History - Statistics

General Stats
  • This quiz has been taken 185 times
  • The average score is 9 of 15
Answer Stats
% Correct
Empire that controlled Albania for 500 years Ottoman
91%
Country that invaded in 1939 Italy
89%
When did Albania gain independence 1912
86%
Communist Dictator of Albania Enver Hoxha
82%
Albanian nurse who later became saint Mother Teresa
76%
Country that occupied Albania when the above left Germany
73%
The supposed ancestors of Albanias Illyrians
70%
How many famous 'Novembers' does Albania have? 3
59%
When was the League of Lezha created 1444
41%
When did the massive civil unrests and protests take place? 1997
41%
One of Albanias most famous leaders, fought the Ottomans in the 15th century. Skenderbeg
38%
Albania's first prime minister Ismail Qemali
36%
Albania's most famous renascence writer/poet Naim Frasheri
36%
What year was the Kongres of Manastir held 1908
34%
Albanian revolutionary who fought the Turks and Greeks in the early 1900 Isa Boletini
18%
No matching quizzes found
Score Distribution
Percent of People with Each Score
Percentile by Number Answered
Your Score History
You have not taken this quiz